Pearl /

Uloženo v:
Podrobná bibliografie
Hlavní autor: Silliphant, Stirling, 1918-1996
Médium: Kniha
Jazyk:English
Vydáno: [London] : Fontana, 1979.
LEADER 00914cam a2200265ui 4500
001 c000227061
003 CARM
005 20061205111805.0
008 800215r19791978enk 000 1 eng
015 |a GB8003902  |2 bnb 
019 1 |a 40732285  |5 LACONCORD2021 
020 |a 0006155731 
020 |a 0006156991 (pbk) :  |c £1.50 
035 |a (OCoLC)16482681  |5 LACONCORD2021 
040 |a Uk  |c eng 
082 0 4 |a 823/.9/1  |2 18 
100 1 |a Silliphant, Stirling,  |d 1918-1996. 
245 1 0 |a Pearl /  |c Stirling Silliphant. 
260 |a [London] :  |b Fontana,  |c 1979. 
300 |a 475p. ;  |c 18cm. 
500 |a Originally published: New York : Dell, 1978. 
500 |a Fiction in English. 
852 8 |b CARM  |h A2:AP34A0  |i A04031  |p 0341258  |f BK 
999 f f |i 05101d38-660d-5f4e-aecf-65d364369dee  |s d82fb8f6-b663-538e-b3ea-3e54c0c3a115 
952 f f |p Can circulate  |a CAVAL  |b CAVAL  |c CAVAL  |d CARM 1 Store  |e A04031  |f A2:AP34A0  |h Other scheme  |i book  |m 0341258